000 00307nam a22001337a 4500
008 170303b xxu||||| |||| 00| 0 eng d
020 _a9780766813007
041 _aeng
080 _a616.073
100 _a6
101 _ashm
245 _aPRINCIPLES OF RADIOGRAPHIC IMAGING
_cCARLTON, R.R
942 _2udc
_cBK
999 _c6647
_d6647